Quy định mới về kiểm toán độc lập
Một số quy định mới về kiểm toán độc lập: Trích quy định về kiểm toán trong Luật kế toán năm 2004, nghị định số 105/2004 ND-CP về kiểm toán độc lập, nghị định số 133/2005/NĐ-CP sửa đổi, bổ sung ND 105/2004......
Đã lưu trong:
| Formáid: | Leabhar |
|---|---|
| Teanga: | Undetermined |
| Foilsithe: |
Hà Nội
Chính trị Quốc gia
2006
|
| Ábhair: | |
| Clibeanna: |
Cuir Clib Leis
Gan Chlibeanna, Bí ar an gcéad duine leis an taifead seo a chlibeáil!
|
| Thư viện lưu trữ: | Trung tâm Học liệu Trường Đại học Cần Thơ |
|---|
| LEADER | 00898nam a2200193Ia 4500 | ||
|---|---|---|---|
| 001 | CTU_111777 | ||
| 008 | 210402s9999 xx 000 0 und d | ||
| 020 | |c 30000 | ||
| 082 | |a 352.439 | ||
| 082 | |b Qu600 | ||
| 245 | 0 | |a Quy định mới về kiểm toán độc lập | |
| 260 | |a Hà Nội | ||
| 260 | |b Chính trị Quốc gia | ||
| 260 | |c 2006 | ||
| 520 | |a Một số quy định mới về kiểm toán độc lập: Trích quy định về kiểm toán trong Luật kế toán năm 2004, nghị định số 105/2004 ND-CP về kiểm toán độc lập, nghị định số 133/2005/NĐ-CP sửa đổi, bổ sung ND 105/2004... | ||
| 650 | |a Accounting,Management audit,Auditing,Managerial accounting,Public finance | ||
| 650 | |x Management | ||
| 904 | |i Giang | ||
| 980 | |a Trung tâm Học liệu Trường Đại học Cần Thơ | ||